000 00421cam a22001457a 4500
008 180718b2005 xxu||||| |||| 00| 0 eng d
020 _a8121208599
082 _aA99/N164 P973
100 _aPuri, Balraj
245 _aJP on Jammu and Kashmir
_cby Balraj Puri
260 _aNew Delhi
_bGyan
_c2005
300 _a285p.
650 _aJammu and Kashmir - History
650 _aNarayan, Jayaprakash - Views on Jammu and Kashmir
999 _c404533
_d404533